000 01105nam a22003377a 4500
003 CHAP
005 20220329141551.0
008 971013s1994 r 00010 d
010 _a70251
011 _a71223
035 _a80777
040 _cCHAP
090 _aTesis
100 0 0 _aOnofre Solano, Senón.
_983324
245 _aExploración etnobotánica en una comunidad Amuzga de Xochistlahuaca, Guerrero
260 _aChapingo, Méx. :
_bEl autor,
_c1994
300 _a112 h
502 _aTesis (Ing. Agr. Esp. en Fitotecnia) -- UACH. Departamento de Fitotecnia
590 _aALEPH
_b10
_c20130110
_lUCH01
_h1410
590 _aBATCH-UPD
_b10
_c20130110
_lUCH01
_h0646
590 _aBATCH-UPD
_b10
_c20130410
_lUCH01
_h0331
590 _aBATCH-UPD
_b10
_c20130914
_lUCH01
_h0739
590 _aCONVERSION
_b10
_c20130109
_lUCH01
_h1339
650 1 4 _aBotánica económica
_xGuerrero.
_914665
650 1 4 _aEtnobotánica
_xGuerrero.
_938625
650 1 4 _aGermoplasma.
_947766
650 1 4 _aRecursos vegetales.
_995337
901 _aBK
942 _cTESIS
949 _bBC
_cTES
_d-33748
_eTS1
_h30060
_i80777
_si
999 _c70251
_d70251